Les villes les plus peuplées du Loiret - Statistiques

Statistiques générales
  • Ce quiz a été pris 390 fois
  • Le résultat moyen est 12 sur 20
Statistiques - réponses
Population Ville % Correct
113 089 Orléans
100%
15 025 Montargis
90%
19 209 Olivet
82%
9 235 Pithiviers
82%
14 801 Saran
82%
20 702 Fleury-les-Aubrais
74%
15 321 Gien
74%
16 560 Saint-Jean-de-la-Ruelle
70%
17 757 Saint-Jean-de-Braye
64%
11 497 Amilly
55%
8 485 Saint-Jean-le-Blanc
52%
7 112 Beaugency
51%
8 946 La Chapelle-Saint-Mesmin
44%
7 036 Châteauneuf-sur-Loire
40%
13 967 Châlette-sur-Loing
38%
7 450 Ingré
37%
7 225 Chécy
36%
6 254 Meung-sur-Loire
36%
6 781 La Ferté-Saint-Aubin
34%
7 207 Saint-Denis-en-Val
30%
Aucun quiz correspondant
Distribution des résultats
% des personnes avec chaque résultat
Percentile par nombre de réponses
Votre historique - résultats
Vous n’avez pas pris ce quiz